[Event "Kaltern Trophy-B 2nd"]
[Site "Kaltern"]
[Date "2017.10.28"]
[Round "2"]
[White "Feichter, Matthias"]
[Black "Ciani, Davide"]
[Result "0-1"]
[WhiteElo "1631"]
[BlackElo "1745"]
[PlyCount "58"]
[EventDate "2017.10.27"]
[EventType "swiss"]
[EventRounds "5"]
[EventCountry "ITA"]
[SourceTitle "CBM 181 Extra"]
[Source "ChessBase"]
[SourceDate "2017.12.12"]
[SourceVersion "1"]
[SourceVersionDate "2017.12.12"]
[SourceQuality "1"]

1. e4 e5 2. Nf3 Nc6 3. Bb5 a6 4. Ba4 Nf6 5. d3 b5 6. Bb3 Na5 7. 0-0 Nxb3 8. axb3 d6 9. h3 Be7 10. Be3 0-0 11. Nbd2 Bb7 12. c4 Nd7 13. d4 f5 14. exf5 Rxf5 15. Qc2 Rf8 16. cxb5 axb5 17. Rxa8 Bxa8 18. Ra1 Bf6 19. Ne4 exd4 20. Nxd4 Bxd4 21. Bxd4 Qh4 22. f3 c5 23. Bf2 Bxe4 24. fxe4 Qf4 25. Re1 Ne5 26. Be3 Qg3 27. Bf2 Nf3+ 28. Kf1 Nxe1 29. Kxe1 Qxg2 0-1

[Event "Treviso op-B 1st"]
[Site "Treviso"]
[Date "2017.03.18"]
[Round "3.14"]
[White "Perlin, Enrico"]
[Black "Ciani, Davide"]
[Result "1/2-1/2"]
[WhiteElo "1758"]
[BlackElo "1756"]
[PlyCount "48"]
[EventDate "2017.03.17"]
[EventType "swiss"]
[EventRounds "5"]
[EventCountry "ITA"]
[SourceTitle "EXT 2024"]
[Source "ChessBase"]
[SourceDate "2023.10.10"]
[SourceVersion "1"]
[SourceVersionDate "2023.10.10"]
[SourceQuality "1"]

1. c4 e6 2. Nf3 d5 3. d4 Nf6 4. g3 Be7 5. Bg2 0-0 6. 0-0 Nbd7 7. Qc2 b6 8. cxd5 Nxd5 9. a3 Ba6 10. Rd1 Rc8 11. e4 N5f6 12. Nc3 Qe8 13. Qa4 Nb8 14. Qc2 h6 15. Be3 Bb7 16. Re1 c5 17. Rad1 cxd4 18. Bxd4 Nbd7 19. Qa4 a6 20. Bxf6 Nxf6 21. Qxe8 Rfxe8 22. e5 Nd5 23. Ne4 Red8 24. Nd4 Kf8 1/2-1/2

[Event "Lugano New op-B 8th"]
[Site "Lugano"]
[Date "2015.04.04"]
[Round "2"]
[White "Ciani, Davide"]
[Black "Budakovic, Dragan"]
[Result "0-1"]
[WhiteElo "1704"]
[BlackElo "1916"]
[PlyCount "85"]
[EventDate "2015.04.03"]
[EventType "swiss"]
[EventRounds "6"]
[EventCountry "SUI"]
[SourceTitle "CBM 165 Extra"]
[Source "ChessBase"]
[SourceDate "2015.04.21"]
[SourceVersion "1"]
[SourceVersionDate "2015.04.21"]
[SourceQuality "1"]

1. d4 d5 2. c4 c6 3. cxd5 cxd5 4. Nc3 e6 5. Nf3 Be7 6. Bf4 a6 7. e3 Nf6 8. h3 0-0 9. Bd3 Nc6 10. Rc1 Nh5 11. Bh2 Bd6 12. 0-0 Bxh2+ 13. Nxh2 Nf6 14. Bb1 Qd6 15. f4 g6 16. Nf3 Kg7 17. Ne5 Nd7 18. Qg4 Ndxe5 19. fxe5 Qe7 20. Rf6 Nb8 21. h4 Nd7 22. Rcf1 Kh8 23. R6f3 b5 24. h5 Ra7 25. h6 Rc7 26. Qg3 Bb7 27. Ne2 Kg8 28. Nf4 a5 29. Nh3 Nb6 30. b3 a4 31. Ng5 axb3 32. axb3 Qe8 33. Rf6 Bc8 34. Kh2 b4 35. Nxh7 Kxh7 36. Bxg6+ Kh8 37. Bh7 Rg8 38. Bxg8 Qxg8 39. Qf3 Ba6 40. Rxf7 Rxf7 41. Qxf7 Bxf1 42. Qxf1 Nc8 43. g4 0-1

[Event "London Golders Green op U1900 4th"]
[Site "London"]
[Date "2014.08.24"]
[Round "4"]
[White "Kazmierczak, Amadeusz"]
[Black "Ciani, Davide"]
[Result "1/2-1/2"]
[WhiteElo "1826"]
[BlackElo "1761"]
[PlyCount "52"]
[EventDate "2014.08.23"]
[EventType "swiss"]
[EventRounds "6"]
[EventCountry "ENG"]
[SourceTitle "EXT 2018"]
[Source "ChessBase"]
[SourceDate "2017.10.13"]
[SourceVersion "1"]
[SourceVersionDate "2017.10.13"]
[SourceQuality "1"]

1. d4 d5 2. c4 e6 3. Nc3 Nf6 4. Nf3 Be7 5. Bf4 c6 6. e3 Nbd7 7. Be2 dxc4 8. Bxc4 Nd5 9. Bxd5 exd5 10. 0-0 0-0 11. Qc2 Nf6 12. h3 Nh5 13. Bh2 Bd6 14. Qe2 Bxh2+ 15. Nxh2 Nf6 16. Nf3 h6 17. Ne5 Bf5 18. f4 Ne4 19. Nxe4 Bxe4 20. Qh5 Qd6 21. f5 f6 22. Qg6 Qc7 23. Ng4 Kh8 24. Rf4 Qf7 25. Qxf7 Rxf7 26. Nf2 g5 1/2-1/2

[Event "London Golders Green op U1900 4th"]
[Site "London"]
[Date "2014.08.23"]
[Round "2"]
[White "Barasi, Paul Dl"]
[Black "Ciani, Davide"]
[Result "0-1"]
[WhiteElo "1870"]
[BlackElo "1761"]
[PlyCount "162"]
[EventDate "2014.08.23"]
[EventType "swiss"]
[EventRounds "6"]
[EventCountry "ENG"]
[SourceTitle "EXT 2018"]
[Source "ChessBase"]
[SourceDate "2017.10.13"]
[SourceVersion "1"]
[SourceVersionDate "2017.10.13"]
[SourceQuality "1"]

1. d4 d5 2. Bg5 g6 3. e3 Bg7 4. h4 Nf6 5. Bxf6 Bxf6 6. h5 e5 7. dxe5 Bxe5 8. c3 Be6 9. Bd3 Qd7 10. hxg6 fxg6 11. Nf3 Bf6 12. Nd4 Nc6 13. Nxc6 bxc6 14. Nd2 0-0 15. Nb3 Qf7 16. Qc2 Bg7 17. a4 Rae8 18. a5 Be5 19. Ra4 Qf6 20. Rah4 Re7 21. Nd4 c5 22. Nc6 Rg7 23. f4 Bd6 24. g4 c4 25. Be2 Bc5 26. Qd2 Bf7 27. Ne5 Qe7 28. g5 Be6 29. Bg4 Bd6 30. Nc6 Qe8 31. Bxe6+ Qxe6 32. Qh2 Qxe3+ 33. Kd1 Qf3+ 34. Qe2 Qxe2+ 35. Kxe2 a6 36. Rf1 Re8+ 37. Kd2 Rf7 38. Rf3 Re4 39. Nd8 Rf5 40. Rfh3 Bxf4+ 41. Kc2 Re7 42. Rf3 Re2+ 43. Kb1 Bxg5 44. Rxf5 Bxh4 45. Rxd5 Bxd8 46. Rxd8+ Kf7 47. Ra8 Re6 48. Rh8 Kg7 49. Rd8 Kf6 50. Rf8+ Ke7 51. Rc8 Kd7 52. Rf8 g5 53. Rf7+ Re7 54. Rf6 c6 55. Kc2 g4 56. Kd2 h5 57. Rf5 h4 58. Rh5 h3 59. Rh4 Rg7 60. Ke1 Rg5 61. Kf2 Kd6 62. Kg1 Kc5 63. Rh8 Kb5 64. Re8 g3 65. Rh8 h2+ 66. Kg2 Kxa5 67. Rf8 Rb5 68. Rh8 Rxb2+ 69. Kxg3 Rc2 70. Kf4 Rxc3 71. Rxh2 Kb4 72. Ke5 c5 73. Rb2+ Rb3 74. Rc2 a5 75. Kd5 Rd3+ 76. Kc6 c3 77. Rc1 Rd2 78. Rb1+ Rb2 79. Rh1 c2 80. Kd5 Rb1 81. Rh4+ Kb5 0-1

[Event "Padova op-B 15th"]
[Site "Padova"]
[Date "2012.12.22"]
[Round "4"]
[White "Ciani, Davide"]
[Black "Pozzobon, Davide"]
[Result "0-1"]
[WhiteElo "1711"]
[BlackElo "1899"]
[PlyCount "106"]
[EventDate "2012.12.15"]
[EventType "swiss"]
[EventRounds "6"]
[EventCountry "ITA"]
[SourceTitle "EXT 2015"]
[Source "ChessBase"]
[SourceDate "2014.11.20"]
[SourceVersion "1"]
[SourceVersionDate "2014.11.20"]
[SourceQuality "1"]

1. d4 f5 2. Nf3 Nf6 3. e3 d6 4. b3 g6 5. Bb2 Bg7 6. c4 0-0 7. Bd3 Qe8 8. 0-0 Nbd7 9. Qc2 e5 10. e4 fxe4 11. Bxe4 exd4 12. Bd5+ Nxd5 13. cxd5 d3 14. Qd2 Ne5 15. Nxe5 Bxe5 16. Bxe5 Qxe5 17. Nc3 Bf5 18. Rae1 Qf6 19. Ne4 Qd4 20. Ng3 Qxd5 21. Nxf5 Qxf5 22. Re3 Rae8 23. Rxd3 Re4 24. Rc3 Rf7 25. f3 Re5 26. Rfc1 Rd5 27. Qe3 c5 28. Qe2 Qe5 29. Re3 Qd4 30. Kf1 Qd2 31. Re8+ Kg7 32. Re1 Qxe2+ 33. R1xe2 b5 34. Rb8 c4 35. bxc4 bxc4 36. Rc2 Rc7 37. Re8 Ra5 38. Re4 d5 39. Rd4 Kf6 40. f4 Ke6 41. g4 Kd6 42. f5 gxf5 43. gxf5 Ke5 44. Rh4 Kxf5 45. Re2 c3 46. Rh3 d4 47. Rf3+ Kg6 48. Re6+ Kg7 49. Re4 Rg5 50. h4 Rg6 51. h5 Rg5 52. h6+ Kxh6 53. Re6+ Rg6 0-1

[Event "Udine Tre Circoli op"]
[Site "Udine"]
[Date "2012.02.04"]
[Round "2"]
[White "Pontonutti, Luciana"]
[Black "Ciani, Davide"]
[Result "0-1"]
[WhiteElo "1442"]
[BlackElo "1719"]
[PlyCount "102"]
[EventDate "2012.01.21"]
[EventType "swiss"]
[EventRounds "7"]
[EventCountry "ITA"]
[SourceTitle "EXT 2014"]
[Source "ChessBase"]
[SourceDate "2013.11.20"]
[SourceVersion "1"]
[SourceVersionDate "2013.11.20"]
[SourceQuality "1"]

1. e4 c5 2. Nf3 Nc6 3. Nc3 d6 4. a3 g6 5. d4 cxd4 6. Nxd4 e5 7. Nf3 Bg7 8. Nd5 Nf6 9. Bg5 Bg4 10. Be2 Bxf3 11. Bxf3 Nd4 12. 0-0 h6 13. Be3 Nxd5 14. exd5 Nf5 15. Be4 Ne7 16. c3 0-0 17. Qd2 Kh7 18. f4 f5 19. Bc2 e4 20. Rab1 Ng8 21. g3 h5 22. c4 Nh6 23. Bd4 Bxd4+ 24. Qxd4 Qb6 25. Qxb6 axb6 26. Bd1 Rfe8 27. Re1 Ng4 28. Bxg4 hxg4 29. Re3 Kg7 30. b4 Re7 31. b5 Rc7 32. Rc1 Kf6 33. Kg2 g5 34. Rcc3 Rac8 35. fxg5+ Kxg5 36. h4+ gxh3+ 37. Kxh3 Rxc4 38. Rxc4 Rxc4 39. Re1 Rc5 40. Rg1 Rc3 41. a4 f4 42. Kh2 f3 43. Rf1 Kg4 44. Re1 e3 45. Rb1 Rc2+ 46. Kh1 Kxg3 47. a5 bxa5 48. b6 Rh2+ 49. Kg1 f2+ 50. Kf1 Rh1+ 51. Ke2 Rxb1 0-1